000 00589nam a2200205Ia 4500
005 20250923145050.0
008 008 250917s9999 xx 000 0 eng d
037 _aTextual
040 _aDSWL
_beng
_cDSWL
041 _aeng
_2eng
084 _aZ(Q2:4x1.1), N48
_qDSWL
100 _aChobe, B.N.
_9831443
245 0 _aPrinciples of Dharmastra
_cby B.N. Chobe
260 _aAllahabad
_bAllahabad Law Journal Press
_c2000
300 _axii,372p.
365 _aINR
_b7.50
925 _g7.50
942 _cTEXL
_hZ(Q2:4x1.1), N48
999 _c1446670
_d1446670